[Event "2nd 4NCL Spring Bank Holiday Congress"]
[Site "Basingstoke"]
[Date "2019.05.26"]
[Round "5.9"]
[White "Merriman, James"]
[Black "Cast, Julian"]
[Result "0-1"]
[WhiteElo "1839"]
[BlackElo "1883"]
[PlyCount "42"]
[EventDate "2019.05.24"]

1. d4 e6 2. c4 Nf6 3. Nc3 Bb4 4. e3 Bxc3+ 5. bxc3 O-O 6. Bd3 Re8 7. Nf3 d6 8.
O-O e5 9. Bc2 Nc6 10. Re1 Bg4 11. h3 Bxf3 12. gxf3 Ne7 13. Rb1 Ng6 14. Rxb7 Qc8
15. Rb5 Qxh3 16. Bxg6 hxg6 17. e4 Nh5 18. Qe2 f6 19. Rd1 Kf7 20. Rd3 Nf4 21.
Bxf4 Rh8 0-1

[Event "2nd 4NCL Spring Bank Holiday Congress"]
[Site "Basingstoke"]
[Date "2019.05.26"]
[Round "5.10"]
[White "Pafura, P Godfrey"]
[Black "Kolani, Arjun"]
[Result "1-0"]
[WhiteElo "1968"]
[BlackElo "1671"]
[PlyCount "49"]
[EventDate "2019.05.24"]

1. e4 e5 2. Bc4 Nc6 3. d3 Nf6 4. Nf3 Bc5 5. O-O O-O 6. Bg5 h6 7. Bc1 d6 8. c3
a6 9. Bb3 Ba7 10. Nbd2 Be6 11. Bc2 Ne7 12. d4 Ng6 13. d5 Bd7 14. Nc4 Re8 15.
Ne3 Nf4 16. g3 Ng6 17. Nf5 Qc8 18. c4 Kh8 19. Ne1 Nxe4 20. Nxh6 Nxf2 21. Nxf7+
Kg8 22. Qh5 Nd3+ 23. Kh1 Bh3 24. Nh6+ Kh8 25. Ng4+ 1-0

[Event "2nd 4NCL Spring Bank Holiday Congress"]
[Site "Basingstoke"]
[Date "2019.05.26"]
[Round "5.11"]
[White "Redmond, Michael F"]
[Black "Pink, Joshua"]
[Result "0-1"]
[WhiteElo "1686"]
[BlackElo "1928"]
[PlyCount "116"]
[EventDate "2019.05.24"]

1. d4 Nf6 2. Bf4 d5 3. e3 c5 4. Nf3 Nc6 5. c3 Qb6 6. Qb3 c4 7. Qxb6 axb6 8.
Nbd2 Bf5 9. Ne5 Nxe5 10. dxe5 Nd7 11. e4 Bxe4 12. Nxe4 dxe4 13. Bxc4 g5 14. Bg3
Bg7 15. Bb5 e6 16. O-O-O O-O-O 17. Bxd7+ Rxd7 18. Rxd7 Kxd7 19. Re1 Ra8 20. a3
Ra4 21. Kc2 b5 22. b4 Rxa3 23. Kb2 Ra6 24. Rxe4 Rc6 25. h4 Rc4 26. Rxc4 bxc4
27. hxg5 Kc6 28. Kc2 Kd5 29. f4 Ke4 30. Kd2 b5 31. Ke2 h6 32. Be1 hxg5 33. fxg5
Bxe5 34. g6 fxg6 35. Bd2 Bg3 36. Bg5 Bf4 37. Bh4 g5 38. Be1 g4 39. Bf2 Bd6 40.
Be1 Be5 41. Bd2 Bg3 42. Bg5 Bf4 43. Bd8 Be5 44. Kd2 Kf4 45. Bh4 Bg7 46. Be1 e5
47. Ke2 e4 48. g3+ Ke5 49. Bd2 Kd5 50. Be1 Bh6 51. Bf2 Bc1 52. Bd4 Ba3 53. Bf6
e3 54. Kxe3 Bc1+ 55. Ke2 Ke4 56. Bd4 Bg5 57. Bf2 Bf6 58. Be1 Be5 0-1

[Event "2nd 4NCL Spring Bank Holiday Congress"]
[Site "Basingstoke"]
[Date "2019.05.26"]
[Round "5.12"]
[White "Usharovsky, Ron"]
[Black "Angheluta, Ovidiu"]
[Result "0-1"]
[WhiteElo "1671"]
[BlackElo "1891"]
[PlyCount "20"]
[EventDate "2019.05.24"]

1. e4 d5 2. exd5 Qxd5 3. Nc3 Qa5 4. d4 Nf6 5. g3 Nc6 6. Bg2 Bg4 7. Qd3 O-O-O 8.
Bxc6 bxc6 9. Qc4 e5 10. dxe5 Rd1# 0-1

[Event "2nd 4NCL Spring Bank Holiday Congress"]
[Site "Basingstoke"]
[Date "2019.05.26"]
[Round "5.13"]
[White "Wilson, Matthew R"]
[Black "Hammond, Benjamin"]
[Result "1/2-1/2"]
[WhiteElo "1843"]
[BlackElo "1575"]
[PlyCount "53"]
[EventDate "2019.05.24"]

1. e4 e5 2. Nf3 Nc6 3. Bc4 Bc5 4. c3 Nf6 5. d3 O-O 6. Bb3 d5 7. Qe2 dxe4 8.
dxe4 Bg4 9. Nbd2 Qe7 10. Nf1 Rad8 11. Ng3 h6 12. h3 Be6 13. Bc2 Rfe8 14. Nh4
Rd7 15. Ngf5 Qd8 16. b4 Nxb4 17. cxb4 Bxb4+ 18. Kf1 Bc3 19. Rb1 Bxa2 20. Rxb7
Bc4 21. Qxc4 Rd1+ 22. Ke2 Rxh1 23. Qxc3 Rxc1 24. f3 Qd1+ 25. Bxd1 Rxc3 26. Rxa7
Rd8 27. Ra5 1/2-1/2

[Event "2nd 4NCL Spring Bank Holiday Congress"]
[Site "Basingstoke"]
[Date "2019.05.26"]
[Round "5.14"]
[White "Mcdonnell, James J"]
[Black "Hirst, Joe"]
[Result "1/2-1/2"]
[WhiteElo "1815"]
[BlackElo "1564"]
[PlyCount "52"]
[EventDate "2019.05.24"]

1. e4 c5 2. Nf3 e6 3. d4 cxd4 4. Nxd4 a6 5. Bd3 Nf6 6. O-O Qc7 7. Nc3 Be7 8. a4
d6 9. Be3 Nbd7 10. a5 b5 11. axb6 Nxb6 12. Qe2 O-O 13. Bxa6 Bxa6 14. Rxa6 Rxa6
15. Qxa6 Ra8 16. Qd3 Ng4 17. Ncb5 Qb7 18. Bc1 Ne5 19. Qe2 Nbd7 20. Nb3 Qc6 21.
Re1 Rb8 22. N5d4 Qc7 23. h3 Nc4 24. Qd1 Bf6 25. Re2 Nc5 26. c3 Na4 1/2-1/2

[Event "2nd 4NCL Spring Bank Holiday Congress"]
[Site "Basingstoke"]
[Date "2019.05.26"]
[Round "5.15"]
[White "Hymer, Barry J"]
[Black "Zheng, Jerry Z"]
[Result "1-0"]
[WhiteElo "1884"]
[BlackElo "1520"]
[PlyCount "49"]
[EventDate "2019.05.24"]

1. Nf3 Nf6 2. g3 e6 3. Bg2 Be7 4. O-O O-O 5. d3 d5 6. Nbd2 c5 7. e4 Nc6 8. Re1
b5 9. e5 Nd7 10. Nf1 a5 11. h4 b4 12. N1h2 a4 13. a3 bxa3 14. bxa3 Rb8 15. Bf4
Ba6 16. Bh3 Qa5 17. Ng5 Rb2 18. Nxe6 Rfb8 19. Nxg7 Ndxe5 20. Rxe5 Bf6 21. Nh5
Bxe5 22. Qg4+ Kf8 23. Bh6+ Bg7 24. Bxg7+ Kg8 25. Nf6# 1-0

[Event "2nd 4NCL Spring Bank Holiday Congress"]
[Site "Basingstoke"]
[Date "2019.05.26"]
[Round "5.16"]
[White "Nelson, Omowale A"]
[Black "Zheng, Harry Z"]
[Result "0-1"]
[WhiteElo "1989"]
[BlackElo "1556"]
[PlyCount "80"]
[EventDate "2019.05.24"]

1. d4 Nf6 2. c4 e6 3. g3 b6 4. Bg2 c6 5. Nf3 Ba6 6. Qa4 Bb7 7. O-O c5 8. Be3
cxd4 9. Bxd4 Be7 10. Na3 O-O 11. Rfd1 Nc6 12. Bc3 Qc7 13. Nb5 Qc8 14. Rac1 a6
15. Nd6 Bxd6 16. Rxd6 Ne4 17. Rdd1 h6 18. Be1 Nc5 19. Qc2 a5 20. b3 Ne7 21. Bc3
d5 22. Qb2 f6 23. Bh3 dxc4 24. bxc4 Bxf3 25. exf3 Qc6 26. f4 Rad8 27. Bg2 Qc7
28. Qb5 Nf5 29. Bf3 Nd6 30. Qb1 Rd7 31. Ba1 Rfd8 32. Qg6 Kh8 33. h4 Nf5 34.
Rxd7 Qxd7 35. Bc3 Qe7 36. Rd1 Rxd1+ 37. Bxd1 Qd8 38. Bc2 Nd3 39. g4 Nxf4 40.
Qf7 Nd6 0-1

[Event "2nd 4NCL Spring Bank Holiday Congress"]
[Site "Basingstoke"]
[Date "2019.05.26"]
[Round "5.17"]
[White "Davis, Timothy J"]
[Black "Shenbagakumar, Gautham"]
[Result "1-0"]
[WhiteElo "1822"]
[BlackElo "1539"]
[PlyCount "107"]
[EventDate "2019.05.24"]

1. e4 c5 2. Nf3 d6 3. Bb5+ Bd7 4. Bxd7+ Nxd7 5. O-O Ngf6 6. Qe2 e6 7. Rd1 Be7
8. c3 O-O 9. d4 cxd4 10. cxd4 Nb6 11. Nc3 Rc8 12. Bg5 Nc4 13. Rac1 Nd7 14. Bxe7
Qxe7 15. Nb5 Ncb6 16. e5 dxe5 17. dxe5 Nc5 18. Nd6 Rc7 19. Qe3 Na6 20. Rxc7
Nxc7 21. Qg5 Qxg5 22. Nxg5 Ncd5 23. b3 Nc3 24. Rd2 Nbd5 25. Nxb7 Rc8 26. g3 Nb1
27. Rd4 Nbc3 28. Rc4 Rxc4 29. bxc4 Nb4 30. a3 Nc6 31. f4 h6 32. Nf3 Kf8 33. Kf2
a5 34. Ke3 Nb1 35. Nd4 Nxd4 36. Kxd4 Nxa3 37. Nxa5 Ke7 38. Kc5 f6 39. Kc6 Nxc4
40. Nxc4 fxe5 41. fxe5 g5 42. g4 h5 43. gxh5 g4 44. h6 Kf7 45. Kd7 Kg6 46. Kxe6
Kxh6 47. Kd7 g3 48. hxg3 Kg7 49. e6 Kh7 50. e7 Kh6 51. e8=Q Kh7 52. Ne5 Kg7 53.
Qg6+ Kh8 54. Nf7# 1-0

[Event "2nd 4NCL Spring Bank Holiday Congress"]
[Site "Basingstoke"]
[Date "2019.05.26"]
[Round "5.18"]
[White "Zakarian, Dimitrios Levon"]
[Black "Verma, Shlok"]
[Result "0-1"]
[WhiteElo "1594"]
[BlackElo "1702"]
[PlyCount "90"]
[EventDate "2019.05.24"]

1. d4 d5 2. Nf3 Nf6 3. c4 dxc4 4. e3 e6 5. Bxc4 a6 6. O-O b5 7. Bd3 Bb7 8. a4
b4 9. Qe2 Nbd7 10. Nbd2 Be7 11. e4 O-O 12. Nc4 c5 13. e5 Nd5 14. Rd1 cxd4 15.
Nxd4 Nc5 16. Bc2 a5 17. Qg4 g6 18. Bh6 Re8 19. Nb5 Ba6 20. Nbd6 Bxc4 21. Nxe8
Bb3 22. Bxb3 Nxb3 23. Ng7 Nxa1 24. Rxa1 Qb6 25. Nh5 Rc8 26. Rc1 Rxc1+ 27. Bxc1
Qc6 28. Bg5 Qxa4 29. Ng3 Bxg5 30. Qxg5 Qa1+ 31. Nf1 Qxb2 32. Qd8+ Kg7 33. Qxa5
Qb1 34. g3 b3 35. Kg2 Qe4+ 36. Kg1 b2 37. Nd2 Qe1+ 38. Kg2 b1=Q 39. Nxb1 Qxa5
40. h4 Qb4 41. h5 Qxb1 42. h6+ Kxh6 43. g4 Qe4+ 44. Kg1 Qxg4+ 45. Kf1 Nf4 0-1

[Event "2nd 4NCL Spring Bank Holiday Congress"]
[Site "Basingstoke"]
[Date "2019.05.26"]
[Round "5.19"]
[White "Buanne, Luca"]
[Black "Chantrell, Paul"]
[Result "1-0"]
[WhiteElo "1536"]
[BlackElo "1620"]
[PlyCount "91"]
[EventDate "2019.05.24"]

1. e4 e5 2. Nf3 Nc6 3. Bb5 a6 4. Ba4 Nf6 5. O-O b5 6. Bb3 Nxe4 7. Re1 d5 8. d4
Be6 9. dxe5 Bc5 10. Be3 Bxe3 11. Rxe3 O-O 12. c3 Na5 13. Nbd2 Nc5 14. Bc2 Nd7
15. Qb1 g6 16. h4 Kg7 17. Ng5 Qe7 18. b4 Nc6 19. Re1 Nd8 20. f4 f5 21. exf6+
Qxf6 22. Nxe6+ Nxe6 23. f5 Nf4 24. Nf3 Rae8 25. Qd1 Qxc3 26. Qd4+ Qxd4+ 27.
Nxd4 Kf6 28. g3 Nh5 29. Ne6 Ne5 30. Nxf8 Nf3+ 31. Kf2 Nxe1 32. Nxh7+ Kg7 33.
Rxe1 Rxe1 34. Kxe1 Kxh7 35. fxg6+ Kg7 36. Kf2 Kf6 37. Kf3 Ng7 38. g4 Ne6 39.
Bf5 Nd4+ 40. Ke3 Nc6 41. a3 Ne5 42. h5 Nc4+ 43. Kd4 c6 44. h6 Nxa3 45. g7 Kf7
46. Bh7 1-0

[Event "2nd 4NCL Spring Bank Holiday Congress"]
[Site "Basingstoke"]
[Date "2019.05.26"]
[Round "5.20"]
[White "Mellor, Jessica"]
[Black "Pal, Rohan"]
[Result "1-0"]
[WhiteElo "1597"]
[BlackElo "1430"]
[PlyCount "57"]
[EventDate "2019.05.24"]

1. e4 e5 2. Nc3 Nf6 3. Bc4 Bc5 4. d3 d6 5. f4 Be6 6. Bb3 a6 7. Nf3 Bxb3 8. axb3
Nbd7 9. Qe2 O-O 10. Bd2 Qe7 11. f5 c6 12. h3 d5 13. O-O-O d4 14. Nb1 Ne8 15. g4
f6 16. h4 a5 17. g5 Nc7 18. h5 a4 19. bxa4 Rxa4 20. h6 g6 21. gxf6 Nxf6 22.
Rdg1 Nb5 23. fxg6 Ra1 24. gxh7+ Kh8 25. Qg2 Nxh7 26. Nh4 Qf7 27. Ng6+ Kg8 28.
Nxe5+ Kh8 29. Nxf7+ 1-0

[Event "2nd 4NCL Spring Bank Holiday Congress"]
[Site "Basingstoke"]
[Date "2019.05.26"]
[Round "5.21"]
[White "Sandhu, Manvith"]
[Black "Jagadeesh, Balakrishnan"]
[Result "0-1"]
[WhiteElo "1567"]
[BlackElo "1712"]
[PlyCount "66"]
[EventDate "2019.05.24"]

1. e4 c6 2. d4 d5 3. e5 Bf5 4. Nf3 e6 5. Be2 Nd7 6. Be3 Ne7 7. O-O Bg6 8. c4
Nf5 9. Qb3 Nxe3 10. Qxe3 dxc4 11. Bxc4 Nb6 12. Bb3 Nd5 13. Qc1 Be7 14. Nc3 O-O
15. Nxd5 cxd5 16. Qd2 Rc8 17. Rac1 Qb6 18. Rfd1 a5 19. h3 Be4 20. Ng5 Bg6 21.
Nf3 h6 22. Kh2 Be4 23. Rxc8 Rxc8 24. Qe3 Qc7 25. Ne1 b5 26. a3 Qb6 27. f3 Bg6
28. g4 a4 29. Ba2 b4 30. axb4 Qxb4 31. Qf2 Bh4 32. Qe2 Bxe1 33. Rxe1 Rc2 0-1

[Event "2nd 4NCL Spring Bank Holiday Congress"]
[Site "Basingstoke"]
[Date "2019.05.26"]
[Round "5.22"]
[White "Turner, Sam"]
[Black "Carter, Rebecca"]
[Result "1-0"]
[WhiteElo "1652"]
[BlackElo "1598"]
[PlyCount "73"]
[EventDate "2019.05.24"]

1. d4 d5 2. c4 c6 3. Nf3 Nf6 4. Qc2 dxc4 5. Qxc4 Bf5 6. g3 e6 7. Bg2 Be7 8. O-O
O-O 9. Re1 Nbd7 10. Nc3 c5 11. e4 Bg6 12. Qb5 cxd4 13. Nxd4 Nb6 14. Rd1 Qc7 15.
Bf4 Qc4 16. Rac1 Qxb5 17. Ndxb5 Rfd8 18. Rxd8+ Bxd8 19. Nd6 Be7 20. Nxb7 Bb4
21. f3 Rc8 22. Bd6 Bxc3 23. Rxc3 Rxc3 24. bxc3 Nc4 25. Bc5 a6 26. Bf1 Nd2 27.
Kf2 Nd7 28. Be3 Nxf1 29. Kxf1 Kf8 30. Bc5+ Ke8 31. Bd6 Nb6 32. Nc5 a5 33. Ke2
Bh5 34. g4 Bg6 35. Kd3 Kd8 36. Nb7+ Kd7 37. Bf8 1-0

[Event "2nd 4NCL Spring Bank Holiday Congress"]
[Site "Basingstoke"]
[Date "2019.05.26"]
[Round "5.23"]
[White "Mendis, Vidura"]
[Black "Cordova Lopez, Diego Anton"]
[Result "0-1"]
[WhiteElo "1497"]
[BlackElo "1478"]
[PlyCount "58"]
[EventDate "2019.05.24"]

1. e4 e5 2. Nf3 Nc6 3. d4 exd4 4. Bc4 Nf6 5. e5 Ng8 6. c3 d5 7. exd6 Bxd6 8.
O-O Bg4 9. Re1+ Nge7 10. Bxf7+ Kd7 11. h3 Qf8 12. hxg4 Qxf7 13. cxd4 Raf8 14.
Nc3 h5 15. d5 hxg4 16. dxc6+ Nxc6 17. Qd5 Qxd5 18. Nxd5 gxf3 19. g3 Bxg3 20.
Be3 Bh2+ 21. Kf1 Be5 22. Kg1 Bh2+ 23. Kf1 Bd6 24. Kg1 Rf5 25. Nf4 Bxf4 26. Bxf4
Rxf4 27. Rad1+ Kc8 28. Re3 Rg4+ 29. Kf1 Rh1# 0-1

[Event "2nd 4NCL Spring Bank Holiday Congress"]
[Site "Basingstoke"]
[Date "2019.05.26"]
[Round "4.1"]
[White "Gardiner, Eric D"]
[Black "Botlik, Bela"]
[Result "1/2-1/2"]
[WhiteElo "1959"]
[BlackElo "2029"]
[PlyCount "84"]
[EventDate "2019.05.24"]

1. e4 c5 2. c3 d5 3. exd5 Qxd5 4. d4 Nf6 5. Nf3 e6 6. Be2 Nc6 7. O-O Be7 8. c4
Qd8 9. dxc5 O-O 10. Nc3 Bxc5 11. Bg5 Be7 12. Qxd8 Rxd8 13. Rfd1 Bd7 14. a3 Ne8
15. Bxe7 Nxe7 16. Rd2 Bc6 17. Rad1 Rdc8 18. Ne5 Ng6 19. Nxc6 bxc6 20. b4 a6 21.
Na4 Nf4 22. Bf3 Rab8 23. g3 Nh3+ 24. Kg2 Ng5 25. c5 Nxf3 26. Kxf3 Nf6 27. Nb6
Nd5 28. Nxc8 Rxc8 29. Re1 Kf8 30. h4 Rb8 31. Rd3 Ke7 32. Rxd5 cxd5 33. Rb1 Kd7
34. Ke3 Kc6 35. Kd4 f6 36. f4 Re8 37. Re1 Re7 38. a4 h6 39. h5 Re8 40. Re2 Re7
41. Re1 Re8 42. Re2 Re7 1/2-1/2

[Event "2nd 4NCL Spring Bank Holiday Congress"]
[Site "Basingstoke"]
[Date "2019.05.26"]
[Round "4.2"]
[White "Cooper, Malcolm H"]
[Black "Fegan, Chris"]
[Result "0-1"]
[WhiteElo "1925"]
[BlackElo "2038"]
[PlyCount "96"]
[EventDate "2019.05.24"]

1. d4 d5 2. c4 e6 3. Nc3 Nf6 4. Nf3 Be7 5. Bf4 c6 6. e3 Nh5 7. Bd3 Nxf4 8. exf4
Qb6 9. Qc2 Na6 10. a3 c5 11. dxc5 Nxc5 12. cxd5 Nxd3+ 13. Qxd3 O-O 14. O-O Rd8
15. Rfd1 Bd7 16. b4 Bc6 17. Qe4 Bd7 18. Ne5 Bf6 19. Rac1 Rac8 20. Qf3 Be8 21.
dxe6 Rxd1+ 22. Rxd1 Qxe6 23. Qxb7 Rxc3 24. Qxa7 Bxe5 25. fxe5 Qxe5 26. h3 Qc7
27. Qa8 Qc8 28. Rd8 Qxa8 29. Rxa8 Kf8 30. Ra7 Rb3 31. g3 Bc6 32. Kh2 Rb2 33.
Rc7 Rxf2+ 34. Kg1 Rg2+ 35. Kf1 Rc2 36. Ke1 Ke8 37. b5 Be4 38. Rxc2 Bxc2 39. Kd2
Ba4 40. b6 Kd7 41. Kc3 Kc6 42. Kb4 Bd1 43. a4 Kxb6 44. a5+ Ka6 45. h4 h5 46.
Kc5 Kxa5 47. Kd6 Kb5 48. Ke7 Bb3 0-1

[Event "2nd 4NCL Spring Bank Holiday Congress"]
[Site "Basingstoke"]
[Date "2019.05.26"]
[Round "4.3"]
[White "Ireland, David J"]
[Black "Merriman, James"]
[Result "1-0"]
[WhiteElo "1948"]
[BlackElo "1839"]
[PlyCount "91"]
[EventDate "2019.05.24"]

1. e4 e6 2. c4 d5 3. exd5 exd5 4. cxd5 Nf6 5. Nc3 Nxd5 6. Bc4 Nb6 7. Bb3 Nc6 8.
Nf3 Be7 9. d4 Bg4 10. h3 Bh5 11. g4 Bg6 12. Be3 Na5 13. Bc2 Nac4 14. Qe2 Nxe3
15. fxe3 Bh4+ 16. Kf1 Bf6 17. h4 Bxc2 18. Qxc2 Nd5 19. Qe4+ Qe7 20. Qxe7+ Nxe7
21. g5 Nf5 22. gxf6 Ng3+ 23. Kf2 Nxh1+ 24. Rxh1 gxf6 25. Nd5 O-O-O 26. Nxf6 Rd6
27. Ne4 Re6 28. Nc3 f6 29. Rg1 Rhe8 30. e4 Rb6 31. Rb1 Rc6 32. d5 Rd6 33. Nd4
Rb6 34. Nf5 c6 35. Nd6+ Kd7 36. Nxe8 Kxe8 37. b4 Kf7 38. a4 cxd5 39. exd5 f5
40. Ne2 Kf6 41. Kf3 Ke5 42. Nf4 Rh6 43. h5 Rb6 44. b5 a6 45. Re1+ Kd4 46. Re6
1-0

[Event "2nd 4NCL Spring Bank Holiday Congress"]
[Site "Basingstoke"]
[Date "2019.05.26"]
[Round "4.4"]
[White "Nandi, Robin J"]
[Black "Ratnesan, Radha"]
[Result "1/2-1/2"]
[WhiteElo "1934"]
[BlackElo "1512"]
[PlyCount "84"]
[EventDate "2019.05.24"]

1. e4 e6 2. d4 d5 3. Nc3 Bb4 4. e5 c5 5. a3 Bxc3+ 6. bxc3 Ne7 7. Qg4 Qc7 8.
Qxg7 Rg8 9. Qxh7 cxd4 10. Ne2 Nbc6 11. f4 dxc3 12. Qd3 d4 13. Nxd4 Nxd4 14.
Qxd4 Bd7 15. Rg1 Nf5 16. Qf2 Qc6 17. g4 Ne7 18. Bg2 Qc7 19. Be4 Bc6 20. Qf3 Nd5
21. Kf2 Rh8 22. Rh1 Qb6+ 23. Be3 Qc7 24. h4 a6 25. Bc5 O-O-O 26. Kg3 Qa5 27.
Qf2 Qa4 28. Rhe1 Qa5 29. Rad1 Rhg8 30. Rd3 Bb5 31. Rd4 Bc6 32. Rdd1 Rh8 33. Bd6
Rd7 34. f5 Qd8 35. Qa7 Qxh4+ 36. Kf3 Qh3+ 37. Kf2 Qh2+ 38. Bg2 Qf4+ 39. Kg1
Qh2+ 40. Kf2 Qf4+ 41. Kg1 Qh2+ 42. Kf2 Qf4+ 1/2-1/2

[Event "2nd 4NCL Spring Bank Holiday Congress"]
[Site "Basingstoke"]
[Date "2019.05.26"]
[Round "4.5"]
[White "Pink, Joshua"]
[Black "Brixel, Christof"]
[Result "0-1"]
[WhiteElo "1928"]
[BlackElo "1781"]
[PlyCount "78"]
[EventDate "2019.05.24"]

1. e4 c6 2. d4 d5 3. e5 c5 4. Nf3 Nc6 5. c4 cxd4 6. cxd5 Qxd5 7. Nc3 Qa5 8.
Nxd4 Qxe5+ 9. Be3 e6 10. Be2 Bb4 11. O-O Nge7 12. Nf3 Qf5 13. Bd3 Qh5 14. Ne4
Nd5 15. Bg5 f6 16. Ng3 Qf7 17. a3 Ba5 18. b4 Bb6 19. Bc1 O-O 20. Qc2 g6 21. Bb2
e5 22. Rad1 Be6 23. Ne4 Rfd8 24. Rfe1 Nf4 25. Bf1 Rxd1 26. Qxd1 Rd8 27. Qc1 Nd3
28. Bxd3 Rxd3 29. Rd1 Rxd1+ 30. Qxd1 Kg7 31. h4 Bg4 32. Qd3 Bf5 33. Qe2 Qd5 34.
Nfd2 Qa2 35. Bc3 Qc2 36. Qc4 Bxe4 37. Nxe4 Bd4 38. b5 Qxe4 39. bxc6 Bxf2+ 0-1

[Event "2nd 4NCL Spring Bank Holiday Congress"]
[Site "Basingstoke"]
[Date "2019.05.26"]
[Round "4.6"]
[White "Angheluta, Ovidiu"]
[Black "Stock, Tobias W"]
[Result "0-1"]
[WhiteElo "1891"]
[BlackElo "1999"]
[PlyCount "44"]
[EventDate "2019.05.24"]

1. e4 d6 2. c4 e5 3. Nc3 Nf6 4. g3 g6 5. Bg2 Bg7 6. Nge2 O-O 7. O-O c6 8. b4
Be6 9. d3 d5 10. exd5 cxd5 11. Qb3 e4 12. Nf4 Nc6 13. Nxe6 fxe6 14. Rb1 Ng4 15.
Ne2 exd3 16. Nf4 Nd4 17. Qxd3 Ne5 18. Qd1 dxc4 19. Bxb7 c3 20. Be4 Qc7 21. Be3
c2 22. Nxe6 cxd1=Q 0-1

[Event "2nd 4NCL Spring Bank Holiday Congress"]
[Site "Basingstoke"]
[Date "2019.05.26"]
[Round "4.7"]
[White "Duda, Lucas"]
[Black "Pafura, P Godfrey"]
[Result "1-0"]
[WhiteElo "1823"]
[BlackElo "1968"]
[PlyCount "95"]
[EventDate "2019.05.24"]

1. e4 c6 2. d4 d5 3. exd5 cxd5 4. c4 Nc6 5. Nc3 e6 6. Nf3 Nf6 7. Bg5 Bb4 8. Bd3
Qa5 9. O-O Bxc3 10. bxc3 dxc4 11. Bxc4 Ne4 12. Bd2 O-O 13. Bd3 Nxd2 14. Qxd2 h6
15. Rab1 a6 16. Rfe1 Rd8 17. Qe3 Qxa2 18. Qe4 g6 19. Qf4 Kg7 20. h4 Qd5 21. Ne5
Nxe5 22. Rxe5 Qd6 23. h5 f6 24. hxg6 Rd7 25. Re4 Qxf4 26. Rxf4 Rc7 27. c4 Bd7
28. Rb6 Rd8 29. d5 Bc8 30. d6 Rc5 31. Rd4 e5 32. Rd5 Rc6 33. d7 Rxb6 34. dxc8=Q
Rxc8 35. Rd7+ Kf8 36. Be4 Ke8 37. Rh7 Rd8 38. Rh8+ Ke7 39. Rxd8 f5 40. g7 Rg6
41. g8=Q Rxg8 42. Rxg8 fxe4 43. Rg7+ Kd6 44. Rxb7 Kc5 45. Rh7 Kxc4 46. Rxh6 a5
47. Ra6 Kb4 48. Re6 1-0

[Event "2nd 4NCL Spring Bank Holiday Congress"]
[Site "Basingstoke"]
[Date "2019.05.26"]
[Round "4.8"]
[White "Zheng, Jerry Z"]
[Black "Shepley, Julien M"]
[Result "0-1"]
[WhiteElo "1520"]
[BlackElo "1947"]
[PlyCount "90"]
[EventDate "2019.05.24"]

1. e4 d6 2. d4 Nf6 3. Nc3 e5 4. dxe5 dxe5 5. Qxd8+ Kxd8 6. Bg5 Be6 7. O-O-O+
Kc8 8. Bxf6 gxf6 9. Nge2 c6 10. Ng3 Nd7 11. Be2 Kc7 12. Kb1 a5 13. Rd3 a4 14.
Rhd1 b5 15. Bh5 Nc5 16. Rf3 Be7 17. a3 Rhg8 18. Na2 Rad8 19. Re3 Rxd1+ 20. Bxd1
Rd8 21. Re1 Rd2 22. Be2 Bxa2+ 23. Kxa2 Rxc2 24. f3 Nb3 25. Kb1 Rd2 26. Rd1 Bc5
27. Rxd2 Nxd2+ 28. Kc2 Nb3 29. Nf5 Bg1 30. h3 Nd4+ 31. Nxd4 exd4 32. b3 axb3+
33. Kxb3 Kd6 34. a4 bxa4+ 35. Kxa4 Ke5 36. Kb4 Kf4 37. Kc5 d3+ 38. Kxc6 dxe2
39. Kd6 e1=Q 40. Ke7 f5 41. Kxf7 fxe4 42. fxe4 Qxe4 43. g4 Bc5 44. Kg7 Qg6+ 45.
Kh8 Bd4# 0-1

[Event "2nd 4NCL Spring Bank Holiday Congress"]
[Site "Basingstoke"]
[Date "2019.05.26"]
[Round "4.9"]
[White "Xu, Edison"]
[Black "Nelson, Omowale A"]
[Result "1-0"]
[WhiteElo "1764"]
[BlackElo "1989"]
[PlyCount "137"]
[EventDate "2019.05.24"]

1. e4 c6 2. d4 d5 3. exd5 cxd5 4. c4 Nf6 5. Nc3 g6 6. Nf3 Bg7 7. Be2 O-O 8. O-O
dxc4 9. Bxc4 Nbd7 10. Be3 Nb6 11. Bb3 Nbd5 12. Qd2 Nxe3 13. fxe3 Bh6 14. Qd3
Ng4 15. Rae1 Qb6 16. Nd5 Qd6 17. e4 Be6 18. h3 Bxd5 19. Bxd5 e6 20. Bb3 Be3+
21. Rxe3 Nxe3 22. Qxe3 Kg7 23. e5 Qb6 24. Qf4 Rac8 25. Qf6+ Kg8 26. Kh2 h6 27.
Nh4 Qd8 28. Nxg6 Qxf6 29. Rxf6 fxg6 30. Bxe6+ Kg7 31. Bxc8 Rxc8 32. Rd6 Rc7 33.
e6 Kf8 34. e7+ Rxe7 35. Rxg6 Re2 36. Rxh6 Rxb2 37. Rh7 a5 38. a4 Rb4 39. d5
Rxa4 40. Rxb7 Rd4 41. Rb5 a4 42. Ra5 Kf7 43. g4 Kg6 44. d6 Kf6 45. d7 Rxd7 46.
Rxa4 Rd3 47. Rf4+ Kg6 48. Kg2 Ra3 49. Rf3 Ra8 50. Kg3 Ra5 51. h4 Rb5 52. Ra3
Rc5 53. Ra6+ Kg7 54. h5 Rb5 55. Kh4 Rc5 56. Rg6+ Kh7 57. Rg5 Rc8 58. Rd5 Rc4
59. Kg5 Ra4 60. Rd7+ Kg8 61. h6 Ra5+ 62. Kg6 Ra6+ 63. Kh5 Ra5+ 64. g5 Rb5 65.
Ra7 Rb1 66. Ra8+ Kf7 67. g6+ Kf6 68. Rf8+ Ke7 69. g7 1-0

[Event "2nd 4NCL Spring Bank Holiday Congress"]
[Site "Basingstoke"]
[Date "2019.05.26"]
[Round "4.10"]
[White "Sommer, Martin C"]
[Black "Mellor, Jessica"]
[Result "1-0"]
[WhiteElo "1985"]
[BlackElo "1597"]
[PlyCount "65"]
[EventDate "2019.05.24"]

1. d4 Nf6 2. Nf3 g6 3. e3 Bg7 4. Bd3 d5 5. Nbd2 O-O 6. O-O Nbd7 7. c3 c5 8. Re1
e6 9. Qe2 b6 10. e4 Bb7 11. e5 Ne8 12. Nf1 h6 13. h4 Nc7 14. N1h2 c4 15. Bc2 b5
16. Ng4 h5 17. Ngh2 a5 18. Bg5 Qe8 19. g4 f6 20. exf6 Nxf6 21. Bxf6 Bxf6 22. g5
Bg7 23. Ne5 Bxe5 24. Qxe5 Qf7 25. Re2 Kh7 26. Qg3 b4 27. Re3 Rab8 28. Nf3 Rg8
29. Ne5 Qe7 30. Rf3 Rg7 31. Rf6 Rbg8 32. Qf3 Qe8 33. Qxh5# 1-0

[Event "2nd 4NCL Spring Bank Holiday Congress"]
[Site "Basingstoke"]
[Date "2019.05.26"]
[Round "4.11"]
[White "Krueger, Norbert"]
[Black "Zakarian, Dimitrios Levon"]
[Result "1-0"]
[WhiteElo "1983"]
[BlackElo "1594"]
[PlyCount "67"]
[EventDate "2019.05.24"]

1. e4 c5 2. c3 Nf6 3. e5 Nd5 4. d4 cxd4 5. cxd4 e6 6. Nf3 d6 7. Bd3 Be7 8. O-O
Nd7 9. Nc3 Nxc3 10. bxc3 dxe5 11. Nxe5 Nxe5 12. dxe5 Qc7 13. Qe2 Qxc3 14. Bd2
Qc7 15. Rac1 Qd8 16. Rfd1 O-O 17. Qe4 g6 18. Bh6 Bg5 19. Be2 Bxc1 20. Rxd8 Bxh6
21. Qd4 Bg5 22. Rxf8+ Kxf8 23. Qd6+ Kg7 24. Qc7 a5 25. Bb5 a4 26. Be8 b6 27.
Qxf7+ Kh6 28. Bc6 Bb7 29. Bxb7 Rd8 30. f4 Rd1+ 31. Kf2 Bh4+ 32. g3 Bd8 33. Qf8+
Kh5 34. Bf3# 1-0

[Event "2nd 4NCL Spring Bank Holiday Congress"]
[Site "Basingstoke"]
[Date "2019.05.26"]
[Round "4.12"]
[White "Cast, Julian"]
[Black "Buanne, Luca"]
[Result "1-0"]
[WhiteElo "1883"]
[BlackElo "1536"]
[PlyCount "29"]
[EventDate "2019.05.24"]

1. e4 e6 2. d4 d5 3. Bd3 c5 4. exd5 Qxd5 5. Nc3 Qxd4 6. Nf3 Qd8 7. O-O Be7 8.
Qe2 Nf6 9. Rd1 Bd7 10. Bg5 O-O 11. Ne5 a6 12. a4 Qe8 13. a5 Nc6 14. Bxf6 Nd4
15. Qe4 1-0

[Event "2nd 4NCL Spring Bank Holiday Congress"]
[Site "Basingstoke"]
[Date "2019.05.26"]
[Round "4.13"]
[White "Chantrell, Paul"]
[Black "Nwachukwu, Chino"]
[Result "0-1"]
[WhiteElo "1620"]
[BlackElo "1865"]
[PlyCount "74"]
[EventDate "2019.05.24"]

1. e4 c5 2. Nf3 d6 3. d4 cxd4 4. Nxd4 Nf6 5. Nc3 a6 6. Be3 Ng4 7. Qd2 Nxe3 8.
Qxe3 e5 9. Nb3 Be7 10. Nd5 Bg5 11. Qb6 O-O 12. Nc7 Nd7 13. Qxd6 Be7 14. Ne6
Bxd6 15. Nxd8 Rxd8 16. O-O-O Nf6 17. f3 Be6 18. Be2 Be7 19. Na5 b5 20. Nc6
Rxd1+ 21. Rxd1 Bc5 22. Nxe5 Rc8 23. Nd3 Be7 24. Kb1 a5 25. c3 b4 26. cxb4 axb4
27. Ne5 Ra8 28. b3 Rc8 29. Kb2 Nxe4 30. fxe4 Bf6 31. Bf3 Bxe5+ 32. Kb1 Bxh2 33.
Rd4 Rb8 34. Kc2 Be5 35. Rd1 g5 36. g4 Kg7 37. Rh1 Rc8+ 0-1